| 000 | 00537nam a22001457a 4500 | ||
|---|---|---|---|
| 008 | 220411b |||||||| |||| 00| 0 eng d | ||
| 020 | _a1589661516. | ||
| 050 | _aBL65.P7 P58 2006 | ||
| 100 |
_aed by Brodeur Patrice and Myers Sondras _951311 |
||
| 245 |
_aThe pluralist paradigm; _bdemocracy and religion in the 21st century _cPatrice, Brodeur and Sondra, Myers |
||
| 260 |
_aChicago: _bThe University of Sranton Press _c2006 |
||
| 300 |
_axiii _b164p.: _c23cm. |
||
| 650 |
_ademocracy _xreligious aspects _917927 |
||
| 942 |
_2lcc _cMONOGRAPH |
||
| 999 |
_c131297 _d131297 |
||